| 000 | 00565nam a2200193 a 4500 | ||
|---|---|---|---|
| 005 | 20140310183347.0 | ||
| 008 | 070222s19uu xx 00 eng d | ||
| 020 | _a1844480577 | ||
| 050 |
_aND1457.J5 _b.Su99 2005 |
||
| 100 | _aSuzuki, Yuuko | ||
| 245 | _aAn introduction to Japanese calligraphy. | ||
| 260 |
_aGreat Britain : _bSearch Press Limited, _c2003. |
||
| 300 |
_a80 p. : _bcol. ill. ; _c28 CM. |
||
| 521 | _aMA | ||
| 650 |
_aCalligraphy, Japanese _xTechnique. |
||
| 650 |
_aDecoration and ornament _xJapan. |
||
| 942 |
_cBK _2lcc _kFOR |
||
| 999 |
_c21968 _d21968 |
||